000 00644nam a2200265Ia 4500
005 20260121173649.0
008 008 260114s9999 xx 000 0 eng d
020 _a9783662455661
037 _aEBOOK
040 _aCRL
040 _beng
040 _cCRL
041 _2eng
041 _aeng
084 _qCRL
100 _aLibo Huang
_91103672
245 0 _aStyle in Translation: A Corpus-Based Perspective
260 _bSpringer
260 _bSpringer
260 _c2015
856 _uhttps://link.springer.com/openurl?genre=book&isbn=978-3-662-45566-1
942 _cEBOOK
999 _c1669420
_d1669420